000 00693cam a22002651 4500
001 sa 66000238
003 DLC
005 20260227112213.0
008 890724s1962 ii c b 000 0 hino
010 _asa 66000238
035 _a(OCoLC)20060094
040 _aDLC
_cWaU
_dDLC
042 _apremarc
043 _aa-ii---
050 0 0 _aPK1931
_b.D3
100 1 _aDarbar, Gyanvati,
_d1925-
245 1 0 _aBhāratīya netāoṃ kī Hindī-sevā.
260 _c1961 [i.e. 1962]
300 _a479 p.
_bports.
_c22 cm.
500 _aIn Hindi.
504 _aBibliography: p. [461]-479.
650 0 _aHindi language
_xHistory.
651 0 _aIndia
_vBiography.
651 0 _aIndia
_xLanguages.
999 _c67143
_d67143